| 000 | 01131nam a22003377a 4500 | ||
|---|---|---|---|
| 003 | CHAP | ||
| 005 | 20220329140708.0 | ||
| 008 | 971013s1964 r 00010 d | ||
| 010 | _a56187 | ||
| 011 | _a57159 | ||
| 035 | _a61312 | ||
| 040 | _cCHAP | ||
| 090 | _aFolleto 5726 | ||
| 100 | 0 | 0 |
_aShilling, Charles Wesley. _9105692 |
| 245 | _aScientific literature for newly developing countries | ||
| 260 |
_aWashington : _bBilogical Sciences Communication Projet, _c1964 |
||
| 300 | _a19 p. | ||
| 490 |
_aBilogical Science Communication Projet _v; 17-64 |
||
| 590 |
_aBATCH-UPD _b10 _c20130110 _lUCH01 _h0054 |
||
| 590 |
_aBATCH-UPD _b10 _c20130110 _lUCH01 _h2122 |
||
| 590 |
_aBATCH-UPD _b10 _c20130410 _lUCH01 _h1432 |
||
| 590 |
_aBATCH-UPD _b10 _c20130914 _lUCH01 _h0634 |
||
| 590 |
_aCONVERSION _b10 _c20130109 _lUCH01 _h1330 |
||
| 650 | 1 | 4 |
_aBiología _xServicios de información. _912802 |
| 700 | 0 |
_aGeving, Barbara. _947812 |
|
| 700 | 0 |
_aTyson, Joe W. _9115748 |
|
| 830 | 0 |
_aBilogical Science Communication Projet _v; 17-64 _912690 |
|
| 901 | _aBK | ||
| 942 | _cFOLL | ||
| 949 |
_aFolleto 5726 _bBC _cFOLL _d-131757 _eTS1 _i61312 _si |
||
| 999 |
_c56187 _d56187 |
||